| 000 | 01231nam a22003497a 4500 | ||
|---|---|---|---|
| 003 | CHAP | ||
| 005 | 20220329142702.0 | ||
| 008 | 021021d1998 mx r 00110 spa d | ||
| 010 | _a86496 | ||
| 011 | _a87468 | ||
| 035 | _a98012 | ||
| 040 | _cCHAP | ||
| 090 | _aFolleto 16495 | ||
| 100 | 0 | 0 |
_aBaldovinos de la Peña, Gabriel. _99668 |
| 245 | 1 | 0 |
_aSociedades científicas precursoras _c/por Gabriel Baldovino de la Peña |
| 260 |
_aCuernavaca, Mor. : _bUniversidad Autónoma del Estado de Morelos. Facultad de Ciencias Agropecuarias, _c1998 |
||
| 300 | _a52 p. | ||
| 500 | _aEn bodega c.4 | ||
| 590 |
_aBATCH-UPD _b10 _c20130110 _lUCH01 _h1253 |
||
| 590 |
_aBATCH-UPD _b10 _c20130410 _lUCH01 _h0814 |
||
| 590 |
_aBATCH-UPD _b10 _c20130914 _lUCH01 _h0531 |
||
| 590 |
_aCONVERSION _b10 _c20130109 _lUCH01 _h1348 |
||
| 650 | 1 | 4 |
_aCiencia y sociedad. _923155 |
| 650 | 1 | 4 |
_aCiencia _xSociedades. _923136 |
| 650 | 1 | 4 |
_aSociología rural. _9108215 |
| 901 | _aBK | ||
| 905 | _aMarco A. Mendoza T. | ||
| 942 | _cFOLL | ||
| 949 |
_aFolleto 16495 _bBC _cFOLL _d33724002004355 _eTS2 _fc.2 _i98012 _sb |
||
| 949 |
_aFolleto 16495 _bBC _cFOLL _d33724002004397 _eTS1 _i98012 _sb |
||
| 949 |
_aFolleto 16495 _bBC _cFOLL _d33724002004439 _eTS2 _fc.3 _i98012 _sb |
||
| 999 |
_c86496 _d86496 |
||